Budúcnosť EÚ - európsky sociálny alebo iný model ?
Sociálna dimenzia v hospodárskej a menovej únii. Segmentácia európskych trhov práce. Politika pracovných príjmov. Budúcnosť Európy a európskeho socialneho modelu. Súčasné a budúce základy Európskej sociálnej identity.
Salvato in:
| Autore principale: | |
|---|---|
| Natura: | Capitolo di libro |
| Lingua: | slovacco |
| Soggetti: | |
| Tags: |
Nessun Tag, puoi essere il primo ad aggiungerne!!
|
MARC
| LEADER | 00000naa$a2200000$$$4500 | ||
|---|---|---|---|
| 001 | 0007973 | ||
| 005 | 20230825102835.0 | ||
| 041 | 0 | |a slo | |
| 044 | |a SK | ||
| 245 | 1 | 0 | |a Budúcnosť EÚ - európsky sociálny alebo iný model ? |c aut. Monika Čambáliková |
| 520 | |a Sociálna dimenzia v hospodárskej a menovej únii. Segmentácia európskych trhov práce. Politika pracovných príjmov. Budúcnosť Európy a európskeho socialneho modelu. Súčasné a budúce základy Európskej sociálnej identity. | ||
| 610 | 2 | 0 | |a Európska únia |
| 610 | 2 | 0 | |a politika sociálna |
| 610 | 2 | 0 | |a modely |
| 100 | 1 | |a Čambáliková, Monika | |